000 00844cam a22002174a 4500
005 20250605164311.0
008 250528s ||||||||||||||||||||||||d
035 _a22478
020 _a9789604563531
040 _aGR-AtMCL
_bgre
_dGR-AtMCL
_eAACR2
245 1 _aΣΥΜΒΑΣΕΙΣ ΤΕΧΝΙΚΩΝ ΕΡΓΩΝ: ΠΡΑΚΤΙΚΟΣ ΟΔΗΓΟΣ ΣΥΜΒΑΣΕΩΝ ΚΑΤΑΣΚΕΥΑΣΤΙΚΩΝ ΕΡΓΩΝ
250 _a1
260 _bΖήτη,
_c2012
300 _a79
505 0 _aΓΕΝΙΚΑ ΠΕΡΙ ΣΥΜΒΑΣΕΩΝ Η ΣΥΜΒΑΣΗ ΚΑΤΑΣΚΕΥΑΣΤΙΚΟΥ ΕΡΓΟΥ
520 _aΓΕΝΙΚΑ ΠΕΡΙ ΣΥΜΒΑΣΕΩΝ Η ΣΥΜΒΑΣΗ ΚΑΤΑΣΚΕΥΑΣΤΙΚΟΥ ΕΡΓΟΥ
700 1 _aΤσαχαγεας Παναγιωτης-Δημητριος
_98298
942 _cBK
999 _c7530
_d7530